System of research methods in soil science (Record no. 23185)

MARC details
000 -LEADER
fixed length control field 00375nam a2200133Ia 4500
082 ## - DEWEY DECIMAL CLASSIFICATION NUMBER
Classification number 631.4:001.814
Item number ROD
100 ## - MAIN ENTRY--AUTHOR NAME
Personal name RODE, A A
245 #0 - TITLE STATEMENT
Title System of research methods in soil science
260 ## - PUBLICATION, DISTRIBUTION, ETC. (IMPRINT)
Place of publication New Delhi
Name of publisher Amerind
Year of publication 1974
505 ## - FORMATTED CONTENTS NOTE
Formatted contents note Tr from Russian by V S Kothekar
650 ## - SUBJECT ADDED ENTRY--TOPICAL TERM
Topical Term Soil forming modelling
942 ## - ADDED ENTRY ELEMENTS (KOHA)
Koha item type Books
Holdings
Withdrawn status Lost status Damaged status Not for loan Home library Current library Date acquired Full call number Accession Number Koha item type
        RRII Library RRII Library 16/12/2021 631.4:001.814 ROD 03886 Books